| 000 | 00504nam a2200157 a 4500 | ||
|---|---|---|---|
| 001 | 000044586 | ||
| 005 | 20201002045500.0 | ||
| 008 | 140718s1996 ck abc 000 0 spa d | ||
| 020 | _z8482808980 | ||
| 040 |
_aDO-SdBNP _bspa _cBNPHU |
||
| 100 | 1 |
_aCastillo, Fabio _972616 |
|
| 245 | 1 | 0 |
_aLos nuevos jinetes de la cocaína / _cFabio Castillo. |
| 260 |
_aSantafé de Bogotá : _bOveja Negra, _c1996. |
||
| 300 |
_a231 p. : _bil, retrs., mapas, [12] p. de lam. ; _c24 cm. |
||
| 504 | _aBibliografía : p. 229-230 | ||
| 999 |
_c44075 _d44075 |
||